Women in Asia: (Record no. 3574)
[ view plain ]
| 000 -LEADER | |
|---|---|
| fixed length control field | 00857nam a22002177a 4500 |
| 003 - CONTROL NUMBER IDENTIFIER | |
| control field | LK-CoMWRAF |
| 008 - FIXED-LENGTH DATA ELEMENTS--GENERAL INFORMATION | |
| fixed length control field | 230920b1997 |||||||| |||| 00| 0 eng d |
| 020 ## - INTERNATIONAL STANDARD BOOK NUMBER | |
| International Standard Book Number | 8125903410 |
| 040 ## - CATALOGING SOURCE | |
| Original cataloging agency | LK-CoMWRAF |
| Modifying agency | LK-CoMWRAF |
| Description conventions | LK-CoMWRAF |
| 041 ## - LANGUAGE CODE | |
| Language code of text/sound track or separate title | English |
| 082 ## - DEWEY DECIMAL CLASSIFICATION NUMBER | |
| Classification number | 305.42 |
| Item number | WOM |
| 942 ## - ADDED ENTRY ELEMENTS (KOHA) | |
| Koha item type | Conference Proceeding |
| 111 ## - MAIN ENTRY--MEETING NAME | |
| Meeting name or jurisdiction name as entry element | SEMINAR ON WOMEN IN ASIA-WORK, CULTURE AND POLITIC |
| Location of meeting | (Abul Kalam Azad institute of Asian studies |
| Date of meeting | August 1995) |
| 700 ## - ADDED ENTRY--PERSONAL NAME | |
| Personal name | Samāddāra, Raṇabīr |
| relator term | editor |
| 245 ## - TITLE STATEMENT | |
| Title | Women in Asia: |
| Remainder of title | work, culture, and politics in South and Central Asia |
| 260 ## - PUBLICATION, DISTRIBUTION, ETC. (IMPRINT) | |
| Place of publication, distribution, etc. | New Delhi: |
| Name of publisher, distributor, etc. | Vikas Publishing house, |
| Date of publication, distribution, etc. | 1997 |
| 300 ## - PHYSICAL DESCRIPTION | |
| Extent | xvi, 177 p. ; 23 cm. |
| Other physical details | Bibliography and index included |
| 650 ## - SUBJECT ADDED ENTRY--TOPICAL TERM | |
| Topical term or geographic name as entry element | WOMEN--Asia--Social conditions--Cross-cultural studies. |
| 650 ## - SUBJECT ADDED ENTRY--TOPICAL TERM | |
| Topical term or geographic name as entry element | Women--Asia--Economic conditions--Cross-cultural studies. |
| 650 ## - SUBJECT ADDED ENTRY--TOPICAL TERM | |
| Topical term or geographic name as entry element | Women--Government policy--Asia. |
| Withdrawn status | Lost status | Damaged status | Not for loan | Permanent Location | Current Location | Date acquired | Full call number | Barcode | Koha item type |
|---|---|---|---|---|---|---|---|---|---|
| Resource center, Muslim Women's Research And Action Forum | Resource center, Muslim Women's Research And Action Forum | 2023-09-20 | 305.42 WOM | RAF705 | Conference Proceeding |

